000 00454nam a2200181Ia 4500
003 LK-CoDNM
008 010623t1959 xxu||||| |||| 00| 1 sin d
040 _aLK-CoDNM
_dLK-CoDNM
_eLK-CoDNM
041 _asin
080 _a64(075)
_bWIJ
100 _aWijayarathna, A.
245 _aගෘහ කර්මය
246 _aGruha karmaya
260 _bM.D.Gunasena
_aColombo
_c1959
300 _b(x)544, 19 cm
650 _aHome Economics
942 _cBK
999 _c104988
_d104988